The welding, brazing and soldering of copper and its alloys/ (Record no. 548662)
[ view plain ]
| 000 -LEADER | |
|---|---|
| fixed length control field | 00449nam a22001457a 4500 |
| 082 ## - DEWEY DECIMAL CLASSIFICATION NUMBER | |
| Classification number | 677.56 |
| Author Mark | COP |
| -- | L-17, P-58 |
| 100 ## - MAIN ENTRY--PERSONAL NAME | |
| Personal name | Hall, Kendals |
| 9 (RLIN) | 45051 |
| 110 ## - MAIN ENTRY--CORPORATE NAME | |
| Corporate name or jurisdiction name as entry element | Copper Development Association |
| 9 (RLIN) | 40948 |
| 245 ## - TITLE STATEMENT | |
| Title | The welding, brazing and soldering of copper and its alloys/ |
| 260 ## - PUBLICATION, DISTRIBUTION, ETC. | |
| Place of publication, distribution, etc. | England: |
| Name of publisher, distributor, etc. | CDA Publication |
| Date of publication, distribution, etc. | c1953 |
| 300 ## - PHYSICAL DESCRIPTION | |
| Extent | 189 p,; |
| Other physical details | ill,: |
| Dimensions | 18cm |
| 526 ## - STUDY PROGRAM INFORMATION NOTE | |
| Program name | 0 |
| Interest level | 0 |
| Reading level | 0 |
| Title point value | 671_560000000000000_COP |
| 650 ## - SUBJECT ADDED ENTRY--TOPICAL TERM | |
| Topical term or geographic name entry element | MCE |
| 9 (RLIN) | 379 |
| 942 ## - ADDED ENTRY ELEMENTS (KOHA) | |
| Source of classification or shelving scheme | |
| Koha item type | Book |
| Withdrawn status | Lost status | Source of classification or shelving scheme | Damaged status | Not for loan | Permanent Location | Current Location | Date acquired | Total Checkouts | Full call number | Barcode | Date last seen | Price effective from | Koha item type |
|---|---|---|---|---|---|---|---|---|---|---|---|---|---|
| Military College of Engineering (MCE) | Military College of Engineering (MCE) | 09/04/2014 | 671.56 COP | MCE-29991 | 09/04/2014 | 03/14/2021 | Book |
